El Salvador: sustaining peace, nourishing democracy /<The> Woodrow Wilson Center

Zapisane w:
Opis bibliograficzny
1. autor: Bland, Gary
organizacja autorów: <The> Woodrow Wilson Center, <The> Latin American Program <The> Washington Office of Latin America
Format: Texto
Wydane: Washington D.C.: WOLA
Etykiety: Dodaj etykietę
Nie ma etykietki, Dołącz pierwszą etykiete!

MARC

LEADER 00000 a a2200000 04500
001 24210
003
040 |a CRAI/IIS  |c CRAI/IIS 
090 |a 171600  
100 |a Bland, Gary  
110 |a <The> Woodrow Wilson Center  
245 |a El Salvador: sustaining peace, nourishing democracy /<The> Woodrow Wilson Center  
260 |a Washington D.C.:   |b WOLA  
300 |a 65 p.  
710 |a <The> Latin American Program   |a <The> Washington Office of Latin America  
999 |c 4163  |d 4163